000 00761nam a2200241 a 4500
001 61382
003 BD-RjUL
005 20211209080944.0
008 170117m19551953ilu b 001 0 eng
035 _a(BD-RjUL)61506
040 _aDLC
_cDLC
_dDLC
_dBD-RjUL
_beng
041 _aeng
082 0 0 _a337
_bKII 1955
_223
100 1 _aKindleberger, Charles Poor,
_d1910-
_911733
245 1 0 _aInternational economics /
_cCharles P. Kindleberger.
260 _aHomewood, Ill. :
_bR. D. Irwin ,
_c1953 [printing 1955]
300 _axviii, 543 p. ;
_c23 cm.
490 0 _aThe Irwin series in economics
504 _aIncludes bibliographical references and index.
650 0 _aInternational economic relations.
_919260
942 _2ddc
_cBK
999 _c61382
_d61382